zpět

Detail výsledku týmu

Český Dvůr ČT, Beroun

Datum a čas kvízu

36.5 Celkem bodů Celkový počet nahraných bodů na tomto kvízu bez doplňovacích otázek.
5. Pořadí na kvízu Konečné umístění týmu na tomto kvízu.

Zaznamenané odpovědi

# Otázka Odpověď Body Výsledky
1. Jiří Langmajer, Zdislava Pokor... Hejt není názor 0
2. K čemu vybídl syn Joea Bidena... C 0
3. Legendární americký folkový zp... Paul Simon 1
4. Kterému živočichovi, jenž pomá... A 0
5. Desátý hráč žebříčku ATP utrpě... Daniil Medveděv 0
6. Vaším prvním úkolem v dnešním... 1A 2D 3B 4C 0
7. Poznejte gangsterku dle stručn... Dannyho parťáci (Ocean's Eleven) 1
8. Italští herci Carlo Pedersoli... Bud Spencer a Terence Hill 1
9. Gangster, na kterého se ptáme,... Jabba Hutt 0
10. Uveďte jméno i příjmení postav... John Wick 1